| 000 | 01028nam a2200229 4500 | ||
|---|---|---|---|
| 001 | 174570 | ||
| 003 | ES-MaACL | ||
| 005 | 20250709063231.0 | ||
| 008 | 100506s1779 sp p |||| | spa d | ||
| 080 | _a282(460) | ||
| 100 | 1 |
_aFlórez, Enrique, _d1702-1773 _9142679 |
|
| 240 | 1 | 0 | _aEspaña sagrada |
| 245 | 1 | 0 |
_aEspaña sagrada. _nTomo XXXII, _pLa vasconia _b: tratado preliminar a las santas iglesias de Calahorra, y de Pamplona en que se establecen todas las antiguedades civiles concernientes à la region de los vascones desde los tiempos primitivos hasta los reyes primeros de Navarra / _csu autor Manuel Risco. |
| 260 |
_aMadrid : _ben la imprenta de Miguel Escribano, _c1779. |
||
| 300 |
_a[20], 452 p. ; _c20 cm. |
||
| 504 | _aÍndice alfabético de las cosas notables del tomo. | ||
| 546 | _aTexto en latin a partir de la p. 411. | ||
| 651 | 4 |
_aEspaña- _xHistoria religiosa- _vFuentes. _9142735 |
|
| 852 | 4 |
_aES-MaACL _jR-1617-69 _x C-16767-818 |
|
| 999 |
_c174570 _d174570 |
||